A Sketch of Early Buddhism: (Record no. 191350)

MARC details
000 -LEADER
fixed length control field 00611nam a22001817a 4500
005 - DATE AND TIME OF LATEST TRANSACTION
control field 20220824162154.0
010 ## - LCCN (DPL NO)
LC control number ENG-134639
020 ## - INTERNATIONAL STANDARD BOOK NUMBER
International Standard Book Number 9789387306011
Terms of availability 700.00
035 ## - SYSTEM CONTROL NUMBER
System control number EN-118171
037 ## - SOURCE OF ACQUISITION
Source of stock number/acquisition DBAD/PUB
082 ## - DEWEY DECIMAL CLASSIFICATION NUMBER
Classification number 250.7
100 ## - MAIN ENTRY--PERSONAL NAME
Personal name Yadav, Dev Narain
245 ## - TITLE STATEMENT
Title A Sketch of Early Buddhism:
Remainder of title A Historical Survey of Buddhology, Buddhist Schools & Sanghas/
Statement of responsibility, etc Dev Narain Yadav
260 ## - PUBLICATION, DISTRIBUTION, ETC. (IMPRINT)
Place of publication, distribution, etc Varanasi
Name of publisher, distributor, etc Prachya Vidya Bhawan
Date of publication, distribution, etc 2018
270 ## - ADDRESS
Address B5/25 Oudhgarvi, Sonarpura
City Varanasi
Postal code 221001
Electronic mail address prachyavb@gmail.com
300 ## - PHYSICAL DESCRIPTION
Extent v, 164p.
Dimensions 22cm(hb)
942 ## - ADDED ENTRY ELEMENTS (KOHA)
Source of classification or shelving scheme Dewey Decimal Classification
Item type English Books
Classification part 250.7
Call number suffix YAD
Holdings
Withdrawn status Lost status Not for loan Collection code Home library Current library Date acquired Source of acquisition Cost, normal purchase price Full call number Barcode Copy number Cost, replacement price Koha item type
      Non-fiction Ashok Vihar Ashok Vihar 24/08/2022 DBAD/PUB 700.00 250.7 YAD EN-118171 1 700.00 English Books

© Delhi Public Library
Hit Counter
free hit counter